01653 a2200181 45000010006000000050017000060080041000230030015000640400040000790800035001192450046001540200018002002640027002183000019002455051086002641000022013508560099013724715720260407155740.0260407a1981 arg spa dAR-UNSa-BCEJYS aAR-UNSa-BCEJYSbspacAR-UNSa-BCEJYS a330.34xDesarrollo Económico10aTeoría de la distribución de la Renta a84-309-0892-7 1aMadrid :bTecnosc1981 a364 p.c23 cm. a1. Introducción - 2. El enfoque ricardiano de la distribución y el crecimiento - 3. La teoría posricardiana: el problema del reparto total - 4. La teoría posricardiana: generalización de las categorías distributivas clásicas - 5. Los problemas que surgen en la aplicación de la teoría de la productividad marginal - 6. El modelo unisectorial de distribución de la renta - 7. El modelo bisectorial de distribución de la renta - 8. El modelo bisectorial (continuación) - 9. Problemática de la teoría de la renta de la tierra - 10. Problemática de la teoría de los salarios - 11. Capital e interés. El modelo de Wicksell - 12. Capital e interés. El modelo de Fisher - 13. Problemas de la teoría de la inversión - 14. Modelos de crecimiento económico: El de Harrod y el neoclásico unisectorial - 15. El modelo bisectorial de crecimiento económico - 16. La distribución funcional de la renta - 17. Aspectos de la teoría de la distribución de la renta - 18. La desigualdad en la distribución de la renta y el problema de la miseria. 1 aJohnson, Harry G.41uhttps://www.biblioeco.unsa.edu.ar/pmb/images/libros/L127405.jpgyImagen de portadaqimage/jpeg